000 00606nam a2200241Ia 4500
003 OSt
005 20220928121402.0
006 a|||||r|||| 00| 0
007 ta
008 220927b |||||||| |||| 00| 0 eng d
024 _a121
037 _cTextual
040 _aSDCL
_cSDCL
_beng
041 _2eng
_aeng
082 _aX, P7
100 _aStretton Hugh
_9432730
245 0 _aEconomics
_bA new introduction
260 _aNew Delhi
_bViva Books
_c2007
300 _axii,852p
_ccm.
650 _aEconomics
942 _hX, P7
_cTEXL
_2CC
999 _c765816
_d765816